000 00656nam a2200229Ia 4500
003 OSt
005 20220928120800.0
006 a|||||r|||| 00| 0
007 ta
008 220927b |||||||| |||| 00| 0 eng d
024 _a38090
037 _cTextual
040 _aSDCL
_cSDCL
_beng
041 _2eng
_aeng
082 _aQ61.73'N8, M4
100 _aMarty Martin E
_9451118
245 0 _aPilgrims in their own land
_b500 years of religion in America.
260 _aNew Delhi
_bArnold Heinemann Publishers
_c1984
300 _axii,500p.
_ccm.
942 _hQ61.73'N8, M4
_cTEXL
_2CC
999 _c765230
_d765230